000 00347nam a22001457a 4500
008 250417b ||||| |||| 00| 0 eng d
020 _a9789951058360
041 _aSHQIP
080 _22024
_a82LEV
082 _282LEV
_a82LEV
100 _a01
101 _aGJUHE SHQIPE
245 _aTE MBYTURIT DHE TE SHPETUARIT
_cPRIMO LEVI
942 _2udc
_cBK
999 _c60668
_d60668